000 00298nam a22001217a 4500
008 180421b xxu||||| |||| 00| 0 eng d
041 _aeng
080 _a043.3
100 _a0
101 _aMBE-BA
245 _aNdikimi i Rrjetave Sociale ne Performance te Biznesit
_cMulhaxha, M
942 _2udc
_cBK
999 _c45397
_d45397